000 00332nam a2200133 i 4500
001 bg
100 1 _aOBERSKI, Józef
245 0 _aRola narzutów wyrównawczych w cenie budownictwa /
_cJózef Oberski.
260 _aWarszawa,
_c1981.
040 _cBPK
041 _apol
942 _cKS
008 s pl f |000 0 pol
999 _c20263
_d20263
856 _uhttp://koha.tu.koszalin.pl/cgi-bin/koha/opac-detail.pl?biblionumber=20263
_yKatalog online BPK